000 00676nam a22002777a 4500
001 00593
003 DO-SdBNP
005 20180118130214.0
007 00593
008 160627b1968 sp ||||| |||| 00| 0 spa d
020 _a
040 _aBPMSU
_bspa
_cBPMSU
092 _a
_b
100 1 _aDel Olmo, D.
245 1 _aCervantes /
_cD. Del Olmo
250 _aEdición integra
260 _aBarcelona :
_bRamón Sopena,
_c1968
300 _a130, (15) p. ;
_c18 cm.
490 1 _a
490 1 _aBiblioteca sopena
_v95
830 0 _a
830 0 _aBiblioteca sopena
_n 95
942 _2ddc
_cBK
945 _ainventariado, 2018 / dg
956 _aVMATEO
_b10
_c20160922
_d0069
999 _c11484
_d11484